[Event "Rostock 05th"]
[Site "Rostock GER"]
[Date "1979.??.??"]
[Round "2"]
[White "Jeske, Eckhard"]
[Black "Bernard, Ryszard"]
[Result "1/2-1/2"]
[WhiteElo "2205"]
[BlackElo "2370"]
[PlyCount "115"]
[EventDate "1979.08.18"]
[Source "www.chesslib.no"]
[SourceDate "2004.05.04"]

1. c4 e5 2. Nc3 Nc6 3. Nf3 Nf6 4. e3 Bb4 5. Qc2 O-O 6. Nd5 Re8 7. Qf5 d6 8. Nxf6+ gxf6 9. Qh5 d5 10. cxd5 Qxd5 11. b3 Qe4 12. Bc4 Qg6 13. Qxg6+ hxg6 14. Bb2 Be6 15. Rc1 Rad8 16. Bxe6 Rxe6 17. Ke2 e4 18. Nd4 Nxd4+ 19. Bxd4 c5 20. Bc3 Bxc3 21. Rxc3 Red6 22. Rd1 b6 23. f3 f5 24. Rc4 exf3+ 25. gxf3 Kg7 26. h4 Rh8 27. Rh1 Kf6 28. f4 Rhd8 29. Rc2 Kg7 30. Rh2 Re6 31. Rc3 Red6 32. Rc2 Re6 33. Rc1 Red6 34. Kd1 Rd5 35. a4 Rd3 36. Kc2 c4 37. bxc4 Ra3 38. Kb2 Rdd3 39. Kc2 Rd8 40. Rb1 Rxa4 41. Kb3 b5 42. cxb5 Ra5 43. Kc3 Rb8 44. d4 Ra3+ 45. Rb3 Rxb3+ 46. Kxb3 Rxb5+ 47. Kc4 Rb1 48. Ra2 Re1 49. d5 Rxe3 50. d6 Kf8 51. Rxa7 Ke8 52. Kd5 Re4 53. Ra8+ Kd7 54. Rf8 Rxf4 55. Rxf7+ Kd8 56. Ke6 Re4+ 57. Kf6 Rxh4 58. Kxg6 1/2-1/2

[Event "Agria Open"]
[Site "Eger"]
[Date "1986.??.??"]
[Round "?"]
[White "Titz, Heimo"]
[Black "Fette, Martin"]
[Result "1/2-1/2"]
[WhiteElo "2290"]
[BlackElo "2280"]
[PlyCount "63"]
[EventDate "1986.??.??"]
[Source "www.chesslib.no"]
[SourceDate "2004.05.04"]

1. c4 e5 2. Nc3 Nc6 3. Nf3 Nf6 4. e3 d5 5. cxd5 Nxd5 6. Bb5 Nxc3 7. bxc3 Bd7 8. d4 Bd6 9. Bxc6 Bxc6 10. dxe5 Bxf3 11. Qxf3 Bxe5 12. O-O O-O 13. Ba3 Re8 14. Qxb7 Qh4 15. f4 Bxc3 16. Rad1 Ba5 17. Bc5 Bb6 18. Bxb6 axb6 19. Rd2 Qe7 20. Re1 Qc5 21. Qf3 h6 22. Qf2 Ra4 23. Rc2 Qe7 24. h3 Re4 25. Rc6 Qd7 26. Qc2 Qf5 27. Rxc7 Rxf4 28. Qxf5 Rxf5 29. Rb7 Re6 30. Rf1 Rxf1+ 31. Kxf1 Rxe3 32. Rxb6 1/2-1/2

[Event "Open A"]
[Site "Zadar CRO"]
[Date "2007.12.19"]
[Round "6"]
[White "Titz, Hei"]
[Black "Majeric, Z."]
[Result "1-0"]
[WhiteElo "2223"]
[BlackElo "2345"]
[PlyCount "93"]
[EventDate "2007.12.16"]
[Source "www.chesslib.no"]
[SourceDate "2004.05.04"]

1. c4 e5 2. Nc3 Nc6 3. Nf3 Nf6 4. e3 Bb4 5. Qc2 O-O 6. Nd5 Re8 7. Qf5 Nxd5 8. cxd5 d6 9. Qh5 Ne7 10. Ng5 Ng6 11. Qxh7+ Kf8 12. h4 e4 13. a3 Bc5 14. b4 Qf6 15. Rb1 Bb6 16. Bb2 Ne5 17. Qxe4 Qf5 18. Qxf5 Bxf5 19. Rc1 a5 20. Be2 axb4 21. axb4 Ra2 22. Bc3 Nd3+ 23. Bxd3 Bxd3 24. Rh3 Kg8 25. h5 f6 26. Nf3 Kh7 27. Rg3 Re4 28. Rh3 Rg4 29. g3 Be4 30. Nh2 Rg5 31. f3 Bxd5 32. f4 Bg2 33. fxg5 Bxh3 34. gxf6 gxf6 35. Bxf6 c6 36. Ke2 d5 37. Be5 Ra4 38. Bd6 Ra2 39. g4 d4 40. exd4 Bxd4 41. Rc4 Bf6 42. Bf4 Bg2 43. Nf3 Ra1 44. Kf2 Bf1 45. Re4 Bd3 46. Re6 Bd8 47. g5 1-0

[Event "Moscow RUS"]
[Site "?"]
[Date "1996.??.??"]
[Round "5"]
[White "Leontiev Aleksandr V"]
[Black "Rosanov Lev I"]
[Result "1-0"]
[WhiteElo "2365"]
[BlackElo "2195"]
[PlyCount "45"]
[EventDate "1996.??.??"]
[Source "www.chesslib.no"]
[SourceDate "2004.05.04"]

1. c4 e5 2. Nc3 Nc6 3. Nf3 Nf6 4. e3 Bb4 5. Qc2 O-O 6. Nd5 Bc5 7. a3 a5 8. Ng5 g6 9. h4 d6 10. Bd3 Nxd5 11. cxd5 Ne7 12. h5 Bf5 13. Bxf5 gxf5 14. h6 Qd7 15. g4 Nxd5 16. gxf5 Nf6 17. Rg1 Kh8 18. b3 Ra6 19. Bb2 Rc6 20. Qd3 Qe7 21. f4 Bb6 22. b4 a4 23. Ke2 1-0

[Event "Chicago Open"]
[Site "Chicago, IL USA"]
[Date "1995.??.??"]
[Round "7"]
[White "Dandridge, Marvin"]
[Black "Martinovsky, Eugene"]
[Result "1/2-1/2"]
[WhiteElo "2220"]
[BlackElo "2340"]
[PlyCount "127"]
[EventDate "1995.??.??"]
[Source "www.chesslib.no"]
[SourceDate "2004.05.04"]

1. c4 e5 2. Nc3 Nc6 3. Nf3 Nf6 4. e3 Bb4 5. Nd5 d6 6. Nxb4 Nxb4 7. Be2 e4 8. Nd4 c5 9. Nb5 O-O 10. O-O Bf5 11. Nc3 d5 12. a3 Nd3 13. cxd5 Nxd5 14. f3 Nxc3 15. bxc3 Qd5 16. Bxd3 Qxd3 17. a4 Rad8 18. Qb3 exf3 19. Rxf3 Be4 20. Rf2 Bd5 21. Qb1 Qc4 22. Qb5 b6 23. Rf4 Qb3 24. c4 Qxb5 25. axb5 Be6 26. Rxa7 Ra8 27. Ra6 Rxa6 28. bxa6 Ra8 29. d4 g5 30. Re4 Rxa6 31. Bb2 Ra2 32. d5 Rxb2 33. dxe6 fxe6 34. Rxe6 Kf7 35. Rc6 h5 36. h4 gxh4 37. Kh2 Rb3 38. Kh3 Rxe3+ 39. Kxh4 Re6 40. Rc7+ Kg6 41. g4 hxg4 42. Kxg4 Kf6 43. Kf4 Rd6 44. Ke3 Ke6 45. Rb7 Ke5 46. Rb8 Rc6 47. Kd3 Kd6 48. Rb7 Ke6 49. Kc3 Ke5 50. Rb8 Re6 51. Rd8 Ke4 52. Rd1 Kf3 53. Kb3 Ke2 54. Rd8 Re3+ 55. Kc2 Re4 56. Kc3 Re6 57. Rd7 Ke3 58. Rd8 Ke4 59. Rd1 Ke5 60. Re1+ Kf6 61. Rd1 Re3+ 62. Kc2 Ke5 63. Rd8 Rh3 64. Rd7 1/2-1/2

[Event "Graz op-A"]
[Site "?"]
[Date "1999.??.??"]
[Round "2"]
[White "Titz Heimo"]
[Black "Sulyok Michael"]
[Result "1/2-1/2"]
[WhiteElo "2310"]
[BlackElo "2250"]
[PlyCount "116"]
[EventDate "1999.??.??"]
[Source "www.chesslib.no"]
[SourceDate "2004.05.04"]

1. c4 e5 2. Nc3 Nc6 3. Nf3 Nf6 4. e3 Bb4 5. Qc2 Bxc3 6. Qxc3 Qe7 7. a3 d5 8. cxd5 Nxd5 9. Qb3 Nb6 10. d3 a5 11. Bd2 a4 12. Qc2 Bf5 13. Be2 O-O 14. Rc1 Rfd8 15. e4 Bg4 16. Be3 Bxf3 17. Bxf3 Nd7 18. O-O Nf8 19. Bg4 Ne6 20. Bxe6 Qxe6 21. Rfd1 Rd7 22. Kf1 h6 23. Qc4 Qxc4 24. Rxc4 Kf8 25. Ke2 Ke7 26. Rdc1 Ra5 27. R1c2 Kd8 28. g3 Ke7 29. Rxc6 bxc6 30. Rxc6 Kd8 31. Bc5 Kc8 32. Bb4 Ra8 33. Bc3 f6 34. f4 Kb7 35. Rc4 exf4 36. gxf4 Kb6 37. Rb4+ Kc6 38. Ke3 Kd6 39. d4 c6 40. f5 Ke7 41. Rb6 Rc7 42. e5 g6 43. d5 cxd5 44. Bb4+ Kd7 45. Rd6+ Kc8 46. Rxf6 gxf5 47. Rxh6 Rc4 48. e6 Ra6 49. Kd3 Re4 50. Rh8+ Kc7 51. Rh7+ Kc8 52. e7 Rae6 53. Bc5 f4 54. Rh8+ Kc7 55. h4 Kc6 56. Rc8+ Kb7 57. Rf8 Kc6 58. Rc8+ Kb7 1/2-1/2

[Event "Hajduboszormeny"]
[Site "?"]
[Date "1996.??.??"]
[Round "2"]
[White "Kocsis Levente"]
[Black "Gietl Thomas"]
[Result "0-1"]
[WhiteElo "2315"]
[BlackElo "2235"]
[PlyCount "68"]
[EventDate "1996.??.??"]
[Source "www.chesslib.no"]
[SourceDate "2004.05.04"]

1. c4 e5 2. Nc3 Nc6 3. Nf3 Nf6 4. e3 d6 5. d4 Be7 6. d5 Nb8 7. e4 O-O 8. Be2 Ne8 9. c5 f5 10. cxd6 cxd6 11. O-O Nf6 12. Nd2 Kh8 13. a4 a5 14. f3 Nh5 15. Nc4 f4 16. Bd2 Rf6 17. Qb3 Nd7 18. Qa3 Rg6 19. Rfd1 Nb6 20. Qb3 Nxc4 21. Bxc4 b5 22. Qxb5 Bh3 23. Bf1 Rb8 24. Qa6 Qc7 25. Be1 Rxb2 26. Qa8+ Bd8 27. Bf2 Rxf2 28. Kxf2 Qc5+ 29. Ke1 Qxc3+ 30. Rd2 Bc8 31. Rb1 Rf6 32. Ba6 Rf8 33. Bxc8 Bh4+ 34. Kd1 Rxc8 0-1

[Event "Sydney"]
[Site "?"]
[Date "1991.10.20"]
[Round "10.1"]
[White "Smith Murray D"]
[Black "Reilly Tim"]
[Result "1/2-1/2"]
[WhiteElo "2220"]
[BlackElo "2330"]
[PlyCount "34"]
[EventDate "1991.??.??"]
[Source "www.chesslib.no"]
[SourceDate "2004.05.04"]

1. c4 e5 2. Nc3 Nc6 3. Nf3 Nf6 4. e3 Be7 5. d4 exd4 6. Nxd4 O-O 7. Be2 d5 8. Nxc6 bxc6 9. O-O Bd6 10. b3 Qe7 11. Bb2 dxc4 12. Bxc4 Ng4 13. g3 Nxh2 14. Kxh2 Qh4+ 15. Kg1 Bxg3 16. fxg3 Qxg3+ 17. Kh1 Qh3+ 1/2-1/2

[Event "Ostende Team Ch EWG"]
[Site "Ostende"]
[Date "1975.09.18"]
[Round "1.3"]
[White "Haas, Georges"]
[Black "Kiffmeyer, Constanz"]
[Result "1/2-1/2"]
[WhiteElo "2200"]
[BlackElo "2330"]
[PlyCount "64"]
[EventDate "1975.??.??"]
[Source "www.chesslib.no"]
[SourceDate "2004.05.04"]

1. c4 e5 2. Nc3 Nc6 3. Nf3 Nf6 4. e3 Bb4 5. Qc2 Bxc3 6. Qxc3 d6 7. d3 O-O 8. Be2 Bg4 9. h3 Bh5 10. g4 Bg6 11. e4 Nd7 12. Bg5 f6 13. Be3 Nc5 14. Nh4 Ne6 15. Nf5 Qd7 16. h4 Ne7 17. h5 Bf7 18. Qd2 c6 19. f4 exf4 20. Bxf4 d5 21. O-O-O dxe4 22. dxe4 Qxd2+ 23. Bxd2 Nxf5 24. exf5 Nd4 25. Bd3 h6 26. Rhe1 Rfe8 27. b3 Nf3 28. Rxe8+ Rxe8 29. Bf4 c5 30. Kb2 b6 31. Kc3 Nd4 32. a3 Re7 1/2-1/2

[Event "SVK-chT1E 9899"]
[Site "?"]
[Date "1999.??.??"]
[Round "9"]
[White "Sedlacek Pavol"]
[Black "Jacko Vladimir"]
[Result "1-0"]
[WhiteElo "2200"]
[BlackElo "2320"]
[PlyCount "89"]
[EventDate "1999.??.??"]
[Source "www.chesslib.no"]
[SourceDate "2004.05.04"]

1. c4 e5 2. Nc3 Nc6 3. Nf3 Nf6 4. e3 Bb4 5. Qc2 O-O 6. Nd5 Re8 7. Qf5 d6 8. Nxf6+ Qxf6 9. Qxf6 gxf6 10. a3 Bc5 11. b3 a5 12. Bb2 Be6 13. O-O-O Ne7 14. d4 Bb6 15. Be2 Bg4 16. h3 Bxf3 17. Bxf3 Rab8 18. g4 Kf8 19. h4 Nc6 20. dxe5 Nxe5 21. Be2 Ke7 22. Rh3 Rg8 23. Rg1 h6 24. f4 Nd7 25. Rd1 Rbe8 26. Rd5 Kf8 27. Kd2 Nc5 28. Bd1 Ke7 29. Rh5 Rh8 30. Bc2 Reg8 31. g5 hxg5 32. hxg5 Rxh5 33. Bxf6+ Ke8 34. Rxh5 Nd7 35. Bc3 Nf8 36. Rh6 Ng6 37. Bf6 Bc5 38. a4 Nf8 39. Bf5 Nd7 40. Bb2 Kd8 41. Rh7 Rf8 42. g6 Re8 43. e4 Bb4+ 44. Kc2 Rg8 45. Rxf7 1-0

[Event "AUT-chT2M 0001"]
[Site "?"]
[Date "2001.??.??"]
[Round "6"]
[White "Hanel Reinhard"]
[Black "Brandstaetter Friedrich"]
[Result "1/2-1/2"]
[WhiteElo "2340"]
[BlackElo "2175"]
[PlyCount "127"]
[EventDate "2001.??.??"]
[Source "www.chesslib.no"]
[SourceDate "2004.05.04"]

1. c4 e5 2. Nc3 Nc6 3. Nf3 Nf6 4. e3 Bb4 5. Qc2 O-O 6. a3 Bxc3 7. Qxc3 Re8 8. b4 d5 9. cxd5 Nxd5 10. Qc5 Bg4 11. Bb2 Qd6 12. Rc1 Rad8 13. Bb5 Bxf3 14. Qxd6 Rxd6 15. gxf3 f6 16. Bxc6 bxc6 17. Ke2 Rb8 18. Rc5 Nb6 19. Ba1 Nc8 20. Rhc1 Rb6 21. Ra5 Kf7 22. d4 exd4 23. Bxd4 Rb7 24. Rac5 Ne7 25. R5c4 Re6 26. Bc5 Nd5 27. Bd4 Ne7 28. Kf1 f5 29. Rc5 g6 30. b5 cxb5 31. Rxc7 Rxc7 32. Rxc7 a6 33. Bc5 g5 34. Ra7 Re5 35. Bxe7 Rxe7 36. Rxa6 Rb7 37. Ra5 Kg6 38. Ra6+ Kg7 39. Kg2 b4 40. axb4 Rxb4 41. Rd6 Ra4 42. Rd4 Ra1 43. h4 h6 44. h5 Rb1 45. Rd7+ Kg8 46. Rd6 Kg7 47. Rg6+ Kh7 48. Rf6 Rb5 49. Kg3 f4+ 50. Kg2 Ra5 51. e4 Ra1 52. e5 Re1 53. e6 Kg7 54. Rg6+ Kh7 55. Kh3 Re2 56. Kg4 Re5 57. Rf6 Kg7 58. Rf7+ Kg8 59. Re7 Kf8 60. Rf7+ Kg8 61. Rd7 Rxe6 62. Kf5 Ra6 63. Re7 Ra3 64. Kf6 1/2-1/2

[Event "Oberliga Ost-B 0001"]
[Site "?"]
[Date "2000.10.15"]
[Round "1.5"]
[White "Sehrt Juergen"]
[Black "Eckhardt Thorsten"]
[Result "1-0"]
[WhiteElo "2212"]
[BlackElo "2244"]
[PlyCount "89"]
[EventDate "2000.??.??"]
[Source "www.chesslib.no"]
[SourceDate "2004.05.04"]

1. c4 e5 2. Nc3 Nc6 3. Nf3 Nf6 4. e3 Be7 5. Be2 O-O 6. d4 exd4 7. Nxd4 d5 8. cxd5 Nxd5 9. Nxc6 bxc6 10. Bd2 Rb8 11. e4 Nb4 12. Be3 Qxd1+ 13. Kxd1 a5 14. a3 Rd8+ 15. Kc1 Nd3+ 16. Bxd3 Rxd3 17. Kc2 Ba6 18. Rad1 Rbd8 19. Bf4 R8d7 20. Rxd3 Bxd3+ 21. Kc1 Bc5 22. f3 Kf8 23. Rd1 Ke8 24. Na4 Be7 25. b3 Kd8 26. Nb2 Ba6 27. a4 Bc5 28. Nc4 Bxc4 29. bxc4 Rxd1+ 30. Kxd1 Bb4 31. Ke2 Kd7 32. Kd3 c5 33. g4 c6 34. Bb8 Kc8 35. Bg3 Kd7 36. e5 Ke6 37. Ke4 g5 38. h4 h6 39. f4 Bd2 40. fxg5 hxg5 41. h5 f6 42. h6 Kf7 43. e6+ Kxe6 44. h7 Bc3 45. Kd3 1-0

[Event "Genova op-5"]
[Site "Genova"]
[Date "2001.08.10"]
[Round "7"]
[White "Ferretti, Folco"]
[Black "Molinari, Mario"]
[Result "1-0"]
[WhiteElo "2274"]
[BlackElo "2180"]
[PlyCount "47"]
[EventDate "2001.08.05"]
[Source "www.chesslib.no"]
[SourceDate "2004.05.04"]

1. c4 e5 2. Nc3 Nc6 3. Nf3 Nf6 4. e3 d6 5. d4 e4 6. Ng5 Bf5 7. d5 Ne5 8. Qc2 g6 9. Be2 Nd3+ 10. Bxd3 exd3 11. Qa4+ Nd7 12. e4 Be7 13. Nxf7 Kxf7 14. exf5 Nc5 15. Qd1 Bg5 16. O-O a5 17. Be3 Bxe3 18. fxe3 Qg5 19. fxg6+ Ke7 20. Rf7+ Ke8 21. Qf3 Qxg6 22. Rf1 Nd7 23. Qh3 Rd8 24. R7f6 1-0

[Event "FRA Team Ch"]
[Site "France"]
[Date "1989.??.??"]
[Round "?"]
[White "Luce, Sebastien"]
[Black "Ralle, Pierre"]
[Result "1-0"]
[WhiteElo "2340"]
[BlackElo "2110"]
[PlyCount "81"]
[EventDate "1989.??.??"]
[Source "www.chesslib.no"]
[SourceDate "2004.05.04"]

1. c4 e5 2. Nc3 Nc6 3. Nf3 Nf6 4. e3 Be7 5. a3 O-O 6. b4 d6 7. Qc2 Be6 8. Ng5 d5 9. Be2 Qd7 10. cxd5 Bxd5 11. Nxd5 Qxd5 12. Bf3 Qd6 13. Bb2 a5 14. b5 Na7 15. h4 Nxb5 16. a4 Na7 17. Bxb7 Rad8 18. f4 e4 19. Nxe4 Nxe4 20. Bxe4 f5 21. Bf3 Nc8 22. Be5 Qa6 23. Rc1 Bb4 24. Qxc7 Bxd2+ 25. Kf2 Qg6 26. h5 Qf7 27. Qxf7+ Rxf7 28. Rhd1 Rfd7 29. Rc2 Nb6 30. Ke2 Bb4 31. Rxd7 Rxd7 32. Bc6 Re7 33. Bd4 Nd7 34. Bd5+ Kf8 35. Rc8+ Re8 36. Bxg7+ Ke7 37. Rxe8+ Kxe8 38. Bd4 Ke7 39. Kd3 Nc5+ 40. Kc4 Nxa4 41. h6 1-0

[Event "32. World Open"]
[Site "?"]
[Date "2004.07.06"]
[Round "9"]
[White "Chernin Oliver"]
[Black "Frankle Jon"]
[Result "1/2-1/2"]
[WhiteElo "2194"]
[BlackElo "2251"]
[PlyCount "30"]
[EventDate "2004.??.??"]
[Source "www.chesslib.no"]
[SourceDate "2004.05.04"]

1. c4 e5 2. Nc3 Nc6 3. Nf3 Nf6 4. e3 d5 5. cxd5 Nxd5 6. Bb5 Nxc3 7. bxc3 Bd7 8. d4 exd4 9. cxd4 Bb4+ 10. Bd2 Bxd2+ 11. Qxd2 Ne5 12. Be2 Nxf3+ 13. Bxf3 c6 14. Rb1 b6 15. Qc3 O-O 1/2-1/2

[Event "AUT Ch"]
[Site "Austria"]
[Date "1996.??.??"]
[Round "5"]
[White "Sulyok, Michael"]
[Black "Pingitzer, Harald"]
[Result "1-0"]
[WhiteElo "2180"]
[BlackElo "2255"]
[PlyCount "71"]
[EventDate "1996.??.??"]
[Source "www.chesslib.no"]
[SourceDate "2004.05.04"]

1. c4 e5 2. Nc3 Nc6 3. Nf3 Nf6 4. e3 Bb4 5. Qc2 d6 6. Nd5 Bc5 7. a3 Nxd5 8. cxd5 Ne7 9. b4 Bb6 10. e4 O-O 11. Be2 f5 12. d3 f4 13. Bb2 Ng6 14. d4 exd4 15. Bxd4 Rf7 16. Rd1 Bg4 17. Ng1 Qg5 18. Bxg4 Qxg4 19. f3 Qd7 20. Ne2 Qb5 21. O-O a5 22. Nc3 Qc4 23. Bxb6 axb4 24. axb4 cxb6 25. Qb2 Ne5 26. Ra1 Rxa1 27. Rxa1 Rc7 28. Ne2 Qd3 29. Nd4 Qe3+ 30. Qf2 Rc1+ 31. Rxc1 Qxc1+ 32. Qf1 Qd2 33. Ne6 Qxb4 34. Qc1 Nc4 35. h4 Qa4 36. Qc3 1-0

[Event "Graz op-A"]
[Site "?"]
[Date "1999.??.??"]
[Round "6"]
[White "Sulyok Michael"]
[Black "Deutsch Ludwig"]
[Result "1-0"]
[WhiteElo "2250"]
[BlackElo "2170"]
[PlyCount "56"]
[EventDate "1999.??.??"]
[Source "www.chesslib.no"]
[SourceDate "2004.05.04"]

1. c4 e5 2. Nc3 Nc6 3. Nf3 Nf6 4. e3 d5 5. cxd5 Nxd5 6. Bb5 Nxc3 7. bxc3 Bd7 8. d4 e4 9. Nd2 Qg5 10. Bf1 Qg6 11. Qc2 f5 12. f4 Be7 13. Nc4 b5 14. Ne5 Nxe5 15. fxe5 c6 16. a4 b4 17. cxb4 Bxb4+ 18. Bd2 Be7 19. g3 h5 20. Bc4 h4 21. Kf2 f4 22. gxf4 Qg4 23. Qxe4 h3 24. Rhg1 Bh4+ 25. Kf1 Qf5 26. Qxf5 Bxf5 27. Rxg7 Be4 28. Ke2 Rd8 1-0

[Event "Graz op-A"]
[Site "?"]
[Date "1999.??.??"]
[Round "4"]
[White "Titz Heimo"]
[Black "Halser Walter"]
[Result "1-0"]
[WhiteElo "2310"]
[BlackElo "2100"]
[PlyCount "83"]
[EventDate "1999.??.??"]
[Source "www.chesslib.no"]
[SourceDate "2004.05.04"]

1. c4 e5 2. Nc3 Nc6 3. Nf3 Nf6 4. e3 Be7 5. a3 a5 6. Qc2 O-O 7. b3 d6 8. Bb2 Re8 9. Be2 h6 10. O-O Bf8 11. d3 Bf5 12. Rfd1 e4 13. dxe4 Nxe4 14. Nxe4 Bxe4 15. Qc3 Re6 16. Nd2 Bg6 17. Bf3 Qe8 18. Bd5 Re7 19. Nf3 Nd8 20. Nd4 c6 21. Bf3 Ne6 22. Bg4 Nc5 23. Nf5 Bxf5 24. Bxf5 Ne4 25. Bxe4 Rxe4 26. Rxd6 a4 27. Rxh6 axb3 28. Rh3 Qe6 29. Rg3 f6 30. Qxb3 b5 31. Rc1 Ra4 32. Qd3 Raxc4 33. Rd1 Rc5 34. Qd8 Rd5 35. Rxd5 cxd5 36. Bxf6 Rg4 37. Rxg4 Qxg4 38. Qxd5+ Kh7 39. Qd3+ Kh6 40. Bd4 Qc8 41. Qxb5 Bd6 42. g3 1-0

[Event "Graz op-A"]
[Site "?"]
[Date "1999.??.??"]
[Round "1"]
[White "Sulyok Michael"]
[Black "Brandstaetter Friedrich"]
[Result "1/2-1/2"]
[WhiteElo "2250"]
[BlackElo "2130"]
[PlyCount "69"]
[EventDate "1999.??.??"]
[Source "www.chesslib.no"]
[SourceDate "2004.05.04"]

1. c4 e5 2. Nc3 Nc6 3. Nf3 Nf6 4. e3 d5 5. cxd5 Nxd5 6. Bb5 Nxc3 7. bxc3 Bd6 8. d4 Bd7 9. d5 Ne7 10. Bxd7+ Qxd7 11. e4 O-O 12. O-O Ng6 13. Be3 Qe7 14. Qb3 b6 15. Qc4 f5 16. exf5 Rxf5 17. Qg4 Raf8 18. Ng5 Nf4 19. Bxf4 exf4 20. Ne6 R8f6 21. Qf3 Rh6 22. Rfe1 Qh4 23. h3 Qh5 24. Qxh5 Rfxh5 25. c4 f3 26. Re3 fxg2 27. Kxg2 Rg6+ 28. Kf1 Rf5 29. Ke2 Rgf6 30. Rf1 Re5 31. Rxe5 Bxe5 32. f4 Bd6 33. Ke3 Rg6 34. Kf3 Rf6 35. Ke4 1/2-1/2

[Event "AUT-chT2M 0001"]
[Site "?"]
[Date "2000.??.??"]
[Round "3"]
[White "Taggatz Mario"]
[Black "Brandstaetter Friedrich"]
[Result "1/2-1/2"]
[WhiteElo "2205"]
[BlackElo "2175"]
[PlyCount "53"]
[EventDate "2000.??.??"]
[Source "www.chesslib.no"]
[SourceDate "2004.05.04"]

1. c4 e5 2. Nc3 Nc6 3. Nf3 Nf6 4. e3 Bb4 5. Qc2 O-O 6. Nd5 Re8 7. Qf5 d6 8. Nxf6+ Qxf6 9. Qxf6 gxf6 10. a3 Bc5 11. d3 a5 12. b3 Be6 13. Be2 d5 14. Bb2 Be7 15. O-O Nb8 16. cxd5 Bxd5 17. d4 e4 18. Nd2 Nd7 19. Rac1 c6 20. Bg4 Nb6 21. Nc4 Nxc4 22. bxc4 Be6 23. Be2 f5 24. Rfd1 Red8 25. Rb1 a4 26. Bc1 Ra7 27. Rd2 1/2-1/2

[Event "SVK-chT3a 9697"]
[Site "?"]
[Date "1997.??.??"]
[Round "9"]
[White "Harasta Vladimir"]
[Black "Veres Robert"]
[Result "1/2-1/2"]
[WhiteElo "2145"]
[BlackElo "2225"]
[PlyCount "83"]
[EventDate "1997.??.??"]
[Source "www.chesslib.no"]
[SourceDate "2004.05.04"]

1. c4 e5 2. Nc3 Nc6 3. Nf3 Nf6 4. e3 Be7 5. d4 exd4 6. Nxd4 Nxd4 7. Qxd4 O-O 8. Be2 d6 9. b3 Re8 10. Bb2 Bf8 11. O-O c6 12. Rad1 Qa5 13. Qd2 Kh8 14. Kh1 Bf5 15. e4 Nxe4 16. Nxe4 Qxd2 17. Rxd2 Bxe4 18. Rfd1 Kg8 19. Ba3 c5 20. Kg1 Re6 21. f3 Bg6 22. Kf2 Rae8 23. Bf1 h5 24. Bc1 Be7 25. Bb2 Bf5 26. g3 g6 27. h3 g5 28. g4 hxg4 29. hxg4 Bg6 30. Bd3 Bxd3 31. Rxd3 Bf8 32. R1d2 f6 33. Rc2 Kf7 34. Rdd2 Kg6 35. Re2 f5 36. Rxe6+ Rxe6 37. Re2 Rxe2+ 38. Kxe2 Bg7 39. gxf5+ Kf7 40. Bc1 Kf6 41. Bb2+ Kf7 42. Bc1 1/2-1/2